000
00310nam a2200133Ia 4500
005
20260328104320.0
008
260328s9999||||xx |||||||||||||| ||und||
100
_a
Martin, John Rupert
245
0
_a
Barroco /
_c
John Rupert Martin
260
_b
Xarait
300
_a
274 p.
650
_a
HISTORIA
942
_c
BK
999
_c
11327
_d
11327